Score 0/35 Timer 04:00
3 Plays Today
Box Square % Correct
1



What color is Rudolph's nose?
100%
2



On what day is Christmas (usually) celebrated?
99.2%
8



Where does Santa Claus live?
99.2%
9



How does Santa laugh?
98%
10



What gift did my true love give on the 2nd day of Christmas?
96.6%
16



A man and woman are obliged to kiss if they meet under what plant?
95.7%
15



What green character attempted to steal Christmas?
95.5%
17



What does Santa give to people on the naughty list?
93.2%
22



In 'A Charlie Brown Christmas', what did Lucy want instead of toys?
92.5%
3



Who produces the toys for Santa?
92.3%
4



What's the name of the dog who thinks she's 'the other reindeer'?
92.1%
24



'The Night Before Christmas' never mentions which reindeer?
91.3%
23



Who did the Ghost of Christmas Past haunt?
91.1%
18



What Christmas carol has the lyrics 'PA RUM PUM PUM PUM'?
90.8%
25



What holiday drink contains sugar, milk, and eggs?
86.5%
11



What is Frosty the Snowman's nose made of?
85.7%
19



What object holds a special surprise every day until Christmas?
84.8%
26



Elvis recorded a sad Christmas song of what color?
84.7%
Box Square % Correct
32



What did a magical top hat bring life to?
84.3%
31



On what street did a Santa Claus miracle occur?
84.2%
33



What is the Grinch's dog's name?
81.8%
30



The Three Kings bore gifts of myrrh, frankincense, and what else?
81%
27



What Christmas carol contains the lyrics 'Fa-la-la-la-la-la-la-la-la'?
80.3%
12



Which reindeer is Rudolph's dad?
76.1%
20



What is the best-selling Christmas single of all time?
76%
34



Which Christmas carol has a parody claiming 'Batman Smells'?
69.2%
28



What is the name of Bart Simpson's dog?
68.8%
29



What organization is best known for tracking Santa Claus?
67%
35



What was Scrooge's catchphrase to express disgust?
65.3%
13



What is the most popular Christmas-themed ballet?
62.8%
21



How do you say 'Merry Christmas' in Spanish?
59.9%
14



What are the two most popular Christmas tree toppers?
59.7%
6



An Animaniacs song about spelling Santa is a parody of what song?
58.5%
5



The Three Kings' names are Kasper, Melchior, and what's the third?
52.9%
7



Who wrote 'A Christmas Carol'?
46.7%
Come Together.
Have Fun.
All Virtual.
We all need to come together. Play Sporcle's virtual live trivia to have fun, connect with people, and get your trivia on. Join a live hosted trivia game for your favorite pub trivia experience done virtually. If a virtual private party is more your thing, go here for details.

You're not logged in!

Compare scores with friends on all Sporcle quizzes.
OR
Log In

Sporcle TV

Today on Sporcle TV


Watch our educational content, quiz creation guides, and fun videos on Sporcle TV.

Show Comments

Extras

Top Quizzes Today


Score Distribution

Paid Content

Your Account Isn't Verified!

In order to create a playlist on Sporcle, you need to verify the email address you used during registration. Go to your Sporcle Settings to finish the process.

Report this User

Report this user for behavior that violates our Community Guidelines.

Details: